| 000 | 00793cab a2200277 4500 | ||
|---|---|---|---|
| 001 | X96954 | ||
| 008 | 090401t1999 xxu||||| |||| 00| 0 eng d | ||
| 035 | _a(Sirsi) u91619 | ||
| 041 | _aeng | ||
| 245 | 4 | _aThe European economy | |
| 260 | _c1999 | ||
| 350 | _a0 | ||
| 490 |
_aFinancial Times _v`Supplement` 26 February 1999 (15) (LOAN) |
||
| 520 | _aSupplement to the Financial Times. Includes employment policy, economic statistics and forecasts, taxation and monetary unions. | ||
| 650 | _aECONOMIC STATISTICS | ||
| 650 | _aEMPLOYMENT POLICY | ||
| 650 | _aFINANCIAL MARKET | ||
| 650 | _aFORECASTS | ||
| 650 | _aINFLATION | ||
| 650 | _aMONETARY UNIONS | ||
| 650 | _aRECESSION | ||
| 650 | _aTAXATION | ||
| 690 | _aEUROPE-SINGLE MARKET | ||
| 942 | _n0 | ||
| 948 | _c26/02/1999 | ||
| 999 |
_c58178 _d58178 |
||